000 00910nam a22002177a 4500
005 20141010122210.0
010 _aHIN-103731
020 _a9788186927526
_c190.00
035 _aHN-76077
037 _bDBAD / PUB
082 _a821
100 _aव्होरा, आशारानी
245 _aपिंजरे में पंख सही सलामतः
_cआशारानी व्होरा
_bगीत संग्रह /
246 _aPinjre mein Pankh sahi salamat
_bby Asha Rani Vhara
260 _aदिल्ली
_bसाहित्य वीथी प्रकाशन
_c2012
270 _a27/111, विश्वास नगर
_bदिल्ली
_e110032
300 _a96पृ.
_c22से.मी.(सजिल्द)
650 _aहिन्दी कविताएँ
650 _aHindi Poerty
942 _2ddc
_cHN
_h821
_mव्होराआ
999 _c89235
_d89235